000 00466nam a22001817a 4500
999 _c3374
_d3374
003 GBCCL
005 20241126110453.0
008 171127b xxu||||| |||| 00| 0 eng d
020 _a1852401850
040 _cGBC
082 _a235.4
_bSUB
100 _aSubritzky, Bill
_96892
245 _aDemons defeated /
_cBill Subritzsky
260 _aAuckland:
_bForeign World Ltd.,
_c1996
300 _a254p.;
_c20 cm.
650 _aSpiritual Warfare
_9576
942 _2ddc
_cBK
_07